Structural failures in traditionally built domestic buildings: a CPD study pack. (Record no. 103713)

MARC details
000 -LEADER
fixed length control field 01288cam a2200301 4500
008 - FIXED-LENGTH DATA ELEMENTS--GENERAL INFORMATION
fixed length control field #DATE n2004 000 0 eng u
020 ## - INTERNATIONAL STANDARD BOOK NUMBER
International Standard Book Number 1904388299
035 ## - SYSTEM CONTROL NUMBER
System control number (Sirsi) u127193
041 ## - LANGUAGE CODE
Language code of text/sound track or separate title eng
050 ## - LIBRARY OF CONGRESS CALL NUMBER
Classification number 690.25
-- 18
100 ## - MAIN ENTRY--PERSONAL NAME
Personal name Gleeson, John
245 ## - TITLE STATEMENT
Title Structural failures in traditionally built domestic buildings: a CPD study pack.
250 ## - EDITION STATEMENT
Edition statement 2nd ed.
260 ## - PUBLICATION, DISTRIBUTION, ETC.
Place of publication, distribution, etc. Reading
Name of publisher, distributor, etc. College of Estate Management
Date of publication, distribution, etc. 2004
300 ## - PHYSICAL DESCRIPTION
Extent 45p. : ill. ; 30cm.
350 ## - PRICE (NR) (BK AM CF MU VM SE) [OBSOLETE]
Price 36.00
490 ## - SERIES STATEMENT
Series statement College of Estate Management CPD Study Pack
520 ## - SUMMARY, ETC.
Summary, etc. The second edition of this study pack considers the general principles of common structural failures found in low rise, traditionally built domestic properties constructed since 1900. Earlier properties are briefly dealt with in a section on ♯Historic buildingsα. The paper covers: investigation, monitoring and recording; causes of failure; remedies; and law and legislation.
520 ## - SUMMARY, ETC.
Summary, etc. No accompanying audio tape.
520 ## - SUMMARY, ETC.
Summary, etc. Supersedes first edition (ISBN 0947763902).
650 ## - SUBJECT ADDED ENTRY--TOPICAL TERM
Topical term or geographic name entry element BUILDING FAILURES
650 ## - SUBJECT ADDED ENTRY--TOPICAL TERM
Topical term or geographic name entry element DOMESTIC BUILDINGS
650 ## - SUBJECT ADDED ENTRY--TOPICAL TERM
Topical term or geographic name entry element STRUCTURAL FAILURES
690 ## - LOCAL SUBJECT ADDED ENTRY--TOPICAL TERM (OCLC, RLIN)
Topical term or geographic name as entry element BUILT ENVIRONMENT-BUILDING PATHOLOGY
710 ## - ADDED ENTRY--CORPORATE NAME
Corporate name or jurisdiction name as entry element College of Estate Management
9 (RLIN) 400
942 ## - ADDED ENTRY ELEMENTS (KOHA)
Suppress in OPAC 0
Holdings
Withdrawn status Lost status Source of classification or shelving scheme Damaged status Not for loan Home library Current library Shelving location Date acquired Cost, normal purchase price Total Checkouts Full call number Barcode Date last seen Date last checked out Copy number Cost, replacement price Price effective from Koha item type
    Dewey Decimal Classification     London London Enquiry desk 14/10/2004 36.00 47 BASEMENT 6 30069580 06/08/2019 22/01/2010 1 36.00 06/08/2019 Audio
    Dewey Decimal Classification     London London Enquiry desk 14/10/2004 36.00 58 BASEMENT 6 30069588 06/08/2019 29/01/2010 3 36.00 06/08/2019 Audio